| 000 | 00677nam a22002057a 4500 | ||
|---|---|---|---|
| 003 | OSt | ||
| 005 | 20220914161343.0 | ||
| 008 | 220914b |||||||| |||| 00| 0 eng d | ||
| 020 | _a3-7913-1327-4 | ||
| 040 | _cBiblioteca Lado V | ||
| 082 |
_a750.66 _bM478f |
||
| 100 | _aMcEvilley, Thomas | ||
| 245 | _aFusion: West African Artist at the Venice Biennale/ | ||
| 260 |
_aAfrica _bThe Museum for African Art _c1993 |
||
| 300 |
_a94p. _c20x22cm |
||
| 650 |
_2Tesauro de Arte & Arquitectura _aART MODERNO |
||
| 650 |
_2Tesauro de Arte & Arquitectura _aAFRICA |
||
| 651 |
_2Tesauro de Arte & Arquitectura _aCOMPILACION |
||
| 942 |
_2ddc _c1 _h750.66 _iM478f _n0 |
||
| 999 |
_c2003 _d2003 |
||